Baccalauréat C - Statistiques

Statistiques générales
  • Ce quiz a été pris 345 fois
  • Le résultat moyen est 9 sur 18
Statistiques - réponses
Matières % Correct
2 Sciences Physiques
85%
1 Mathématiques
73%
4 Histoire Géographie
68%
1
57%
1
57%
2
57%
2
57%
2
57%
2
57%
5
57%
5
57%
8 E.P.S.
57%
3
56%
6 Philosophie
53%
5 Sciences Naturelles
27%
3 Langue Vivante
20%
7* Français Oral
4%
7* Français écrit
3%
Aucun quiz correspondant
Distribution des résultats
% des personnes avec chaque résultat
Percentile par nombre de réponses
Votre historique - résultats
Vous n’avez pas pris ce quiz